Loading...
Ormayude theerangalil/
| Main Author: | |
|---|---|
| Format: | Printed Book |
| Language: | English |
| Published: |
Kottayam:
National Book Stall,
1985.
|
| Subjects: |
| LEADER | 00520 a2200145 4500 | ||
|---|---|---|---|
| 008 | 150103s9999 000 0 eng | ||
| 082 | |a 928 | ||
| 100 | |a Shivasankara Pillai, Thakazhi. | ||
| 245 | |a Ormayude theerangalil/ | ||
| 260 | |a Kottayam: |b National Book Stall, |c 1985. | ||
| 300 | |a 339 p. | ||
| 650 | |a Autobiography | ||
| 942 | |c BK | ||
| 999 | |c 305546 |d 305546 | ||
| 952 | |0 0 |1 3 |2 ddc |4 0 |6 M_928_000000000000000_THA_OR |7 0 |9 350444 |a DRA |b DRA |c ST1 |d 2011-11-22 |g 45.00 |i 3502 |l 1 |o M 928 THA/OR |p DRA3502 |r 2015-04-06 |s 2012-09-22 |w 2011-11-22 |y BK | ||